A critical history of old english literature

保存先:
書誌詳細
第一著者: Greenfield, Stanley B.
フォーマット: 図書
言語:Undetermined
出版事項: New York, Estados Unidos NewYork University 1965
主題:
タグ: タグ追加
タグなし, このレコードへの初めてのタグを付けませんか!

MARC

LEADER 00000nam a2200000Ia 4500
008 170316s9999 xx 000 0 und d
040 |a cru BVZT 
090 |a C-820 G-2.1a 
100 |a Greenfield, Stanley B. 
245 2 |a A critical history of old english literature 
260 |a New York, Estados Unidos 
260 |b NewYork University 
260 |c 1965 
300 |a 237 páginas 
650 |a LITERATURA INGLESA 
650 |a CRÍTICA 
999 |c 12898  |d 12898 
942 |c 15 D  |h C-820 G-2.1a  |2 z